[Event "POL-ch Universities"]
[Site "Lublin"]
[Date "2024.02.23"]
[Round "3"]
[White "Kosakowski, Jakub"]
[Black "Kulesza, Andrzej"]
[Result "1-0"]
[WhiteElo "2482"]
[BlackElo "2076"]
[PlyCount "105"]
[EventDate "2024.02.23"]
[EventType "swiss"]
[EventRounds "9"]
[EventCountry "POL"]
[SourceTitle "CB10_2024"]
[SourceDate "2024.03.06"]
[SourceVersion "1"]
[SourceVersionDate "2024.03.06"]
[SourceQuality "1"]

1. c4 Nf6 2. Nc3 e6 3. e4 d5 4. e5 d4 5. exf6 dxc3 6. bxc3 gxf6 7. Nf3 c5 8. d4 cxd4 9. cxd4 Nc6 10. Be2 Bb4+ 11. Bd2 Bxd2+ 12. Qxd2 Qa5 13. Rb1 Qxd2+ 14. Kxd2 Ke7 15. Rhd1 Rd8 16. Ke3 b6 17. d5 Na5 18. Nd4 Bb7 19. dxe6 fxe6 20. Rb5 e5 21. Nf5+ Ke6 22. Rxd8 Rxd8 23. g4 Ba6 24. Rd5 Nc6 25. f4 Bb7 26. Bf3 Ba6 27. Rxd8 Nxd8 28. Bd5+ Kd7 29. fxe5 fxe5 30. Ke4 Nc6 31. h4 Na5 32. Ne3 Kd6 33. g5 b5 34. cxb5 Bxb5 35. Nf5+ Kc5 36. Kxe5 Nc4+ 37. Bxc4 Bxc4 38. a3 a5 39. h5 Bf7 40. Ng3 Kb5 41. Kf6 Bc4 42. g6 Bd3 43. Nf5 hxg6 44. h6 Bxf5 45. h7 Ka4 46. h8Q Kxa3 47. Qf8+ Kb3 48. Qb8+ Ka3 49. Ke5 a4 50. Kd4 Bc2 51. Kc3 Bb3 52. Qd6+ Ka2 53. Qd2+ 1-0

[Event "Titled Tuesday intern op 13th Feb Late"]
[Site "Chess.com INT"]
[Date "2024.02.13"]
[Round "6"]
[White "Aaron, Deepak"]
[Black "Kosakowski, Jakub"]
[Result "0-1"]
[WhiteElo "2278"]
[BlackElo "2482"]
[PlyCount "56"]
[EventDate "2024.02.13"]
[EventType "swiss (blitz)"]
[EventRounds "11"]
[EventCountry "USA"]
[SourceTitle "CB08_2024"]
[SourceDate "2024.02.21"]
[SourceVersion "1"]
[SourceVersionDate "2024.02.21"]
[SourceQuality "1"]

1. d4 d5 2. Nf3 Nf6 3. c4 e6 4. e3 Bb4+ 5. Nbd2 0-0 6. a3 Bxd2+ 7. Bxd2 b6 8. cxd5 Qxd5 9. Rc1 c5 10. dxc5 bxc5 11. Bc4 Qd6 12. 0-0 Bb7 13. Bc3 Qe7 14. b4 Ne4 15. bxc5 Nxc3 16. Rxc3 Qxc5 17. Qc2 Bxf3 18. gxf3 Nd7 19. Bxe6 Qg5+ 20. Bg4 f5 21. h4 Qxh4 22. Bxf5 Qg5+ 23. Bg4 h5 24. Qb3+ Kh8 25. Kg2 Rxf3 26. Rc4 Raf8 27. Rd4 Ne5 28. Rh1 Rxf2+ 0-1

[Event "Titled Tuesday intern op 13th Feb Late"]
[Site "Chess.com INT"]
[Date "2024.02.13"]
[Round "3"]
[White "Kosakowski, Jakub"]
[Black "Fedoseev, Vladimir1"]
[Result "1-0"]
[WhiteElo "2482"]
[BlackElo "2690"]
[PlyCount "149"]
[EventDate "2024.02.13"]
[EventType "swiss (blitz)"]
[EventRounds "11"]
[EventCountry "USA"]
[SourceTitle "CB08_2024"]
[SourceDate "2024.02.21"]
[SourceVersion "1"]
[SourceVersionDate "2024.02.21"]
[SourceQuality "1"]

1. e4 c6 2. d4 d5 3. Nd2 a6 4. c3 dxe4 5. Nxe4 Bf5 6. Bd3 e6 7. Ne2 Nd7 8. N2g3 Bg6 9. h4 Ngf6 10. h5 Bxe4 11. Nxe4 h6 12. Qe2 Qc7 13. Bd2 0-0-0 14. 0-0-0 Nxe4 15. Bxe4 Nf6 16. Bc2 Bd6 17. Kb1 Bf4 18. Be1 c5 19. g3 Qc6 20. f3 Bc7 21. Bf2 cxd4 22. Bxd4 Bb6 23. Be5 Rxd1+ 24. Rxd1 Bc7 25. Bxf6 gxf6 26. Be4 Qb5 27. Qxb5 axb5 28. g4 Rg8 29. a3 Rg5 30. Bd3 Bf4 31. Kc2 Kc7 32. Re1 Bd6 33. b4 Kc6 34. Kb3 f5 35. gxf5 exf5 36. c4 bxc4+ 37. Bxc4 Rxh5 38. Bxf7 Rh3 39. Rc1+ Kb6 40. Bd5 h5 41. a4 h4 42. a5+ Ka7 43. b5 Kb8 44. b6 Rg3 45. Re1 Kc8 46. Re8+ Kd7 47. Rh8 h3 48. Bxb7 Rg1 49. Rxh3 Ra1 50. a6 Rb1+ 51. Kc2 Rxb6 52. a7 Rxb7 53. a8Q Rc7+ 54. Kd3 Rc5 55. Rh7+ Ke6 56. Qe8+ Kd5 57. Qf7+ Ke5 58. Qe8+ Kf4 59. Rh4+ Kg3 60. Rd4 Be5 61. Qg6+ Kf2 62. Rc4 Rd5+ 63. Kc2 Bd6 64. Qe6 Ra5 65. Qxd6 Ra2+ 66. Kb3 Re2 67. Qd4+ Kxf3 68. Qf4+ Kg2 69. Rc2 Rxc2 70. Kxc2 Kh3 71. Qxf5+ Kh4 72. Qg6 Kh3 73. Qg5 Kh2 74. Qg4 Kh1 75. Kd2 1-0

[Event "Titled Tuesday intern op 13th Feb Late"]
[Site "Chess.com INT"]
[Date "2024.02.13"]
[Round "8"]
[White "Prohaszka, Peter"]
[Black "Kosakowski, Jakub"]
[Result "1-0"]
[WhiteElo "2578"]
[BlackElo "2482"]
[PlyCount "123"]
[EventDate "2024.02.13"]
[EventType "swiss (blitz)"]
[EventRounds "11"]
[EventCountry "USA"]
[SourceTitle "CB08_2024"]
[SourceDate "2024.02.21"]
[SourceVersion "1"]
[SourceVersionDate "2024.02.21"]
[SourceQuality "1"]

1. d4 g6 2. Nf3 Nf6 3. c3 Bg7 4. Bg5 0-0 5. Nbd2 d6 6. e4 Nc6 7. h3 h6 8. Be3 e5 9. Bb5 exd4 10. cxd4 Bd7 11. Bd3 Re8 12. 0-0 Nb4 13. Bb1 Bb5 14. Re1 Nd3 15. Rf1 Ba6 16. Qb3 Nc5 17. dxc5 Bxf1 18. Kxf1 dxc5 19. Bxc5 Nd7 20. Be3 c5 21. Bd3 a6 22. a4 Rb8 23. Bc4 Qe7 24. Bf4 b5 25. axb5 axb5 26. Bxb5 c4 27. Nxc4 Ra8 28. Rd1 Nc5 29. Qe3 Red8 30. Bd6 Qxe4 31. Qxc5 Rac8 32. Qe3 Rxc4 33. Bxc4 Qxc4+ 34. Qd3 Qa4 35. b3 Qc6 36. g4 Bf8 37. Qe3 Rxd6 38. Rxd6 Bxd6 39. Kg2 Kg7 40. Qd4+ Kg8 41. Qc4 Qb7 42. h4 Qd7 43. Qe4 Qb5 44. Qe3 Qd5 45. Qd4 Qe6 46. h5 gxh5 47. gxh5 Kh7 48. b4 Kg8 49. b5 Bc7 50. Qc5 Bb6 51. Qc6 Qg4+ 52. Kf1 Qxh5 53. Qxb6 Qxf3 54. Qd8+ Kg7 55. Qd4+ Kh7 56. b6 Qh3+ 57. Ke2 Qe6+ 58. Kd3 Qb3+ 59. Ke4 Qc2+ 60. Kd5 h5 61. Qe4+ Qxe4+ 62. Kxe4 1-0

[Event "Titled Tuesday intern op 06th Feb Late"]
[Site "Chess.com INT"]
[Date "2024.02.06"]
[Round "10"]
[White "Kosakowski, Jakub"]
[Black "Ambartsumova, Karina"]
[Result "1-0"]
[WhiteElo "2482"]
[BlackElo "2418"]
[PlyCount "79"]
[EventDate "2024.02.06"]
[EventType "swiss (blitz)"]
[EventRounds "11"]
[EventCountry "USA"]
[SourceTitle "CB07_2024"]
[SourceDate "2024.02.14"]
[SourceVersion "1"]
[SourceVersionDate "2024.02.14"]
[SourceQuality "1"]

1. e4 e5 2. Nf3 Nc6 3. Nc3 Nf6 4. a4 Be7 5. Bb5 0-0 6. 0-0 d6 7. Bxc6 bxc6 8. d4 exd4 9. Nxd4 Bd7 10. h3 c5 11. Nf3 Bc6 12. Re1 Re8 13. Bf4 Nd7 14. Qd2 Bf6 15. Qd3 h6 16. Nd2 Ne5 17. Qg3 Ng6 18. Rad1 Bh4 19. Qh2 Qf6 20. Be3 Bg5 21. Nc4 Bxe3 22. Rxe3 Rab8 23. b3 Qg5 24. Nd5 Bxd5 25. Rxd5 Qf4 26. Qxf4 Nxf4 27. Rd2 Re7 28. e5 dxe5 29. Rxe5 Rxe5 30. Nxe5 Re8 31. Nc6 Re1+ 32. Kh2 a6 33. g3 Ne6 34. Nb8 Nd4 35. Kg2 a5 36. Nd7 Rc1 37. Nxc5 Nxc2 38. Nd3 Nd4 39. Nxc1 Nxb3 40. Nxb3 1-0

[Event "Speed Chess Poland"]
[Site "Chess.com INT"]
[Date "2024.01.28"]
[Round "3.9"]
[White "Duda, Jan Krzysztof"]
[Black "Kosakowski, Jakub"]
[Result "1/2-1/2"]
[WhiteElo "2732"]
[BlackElo "2486"]
[PlyCount "64"]
[EventDate "2024.01.19"]
[EventType "k.o. (blitz)"]
[EventRounds "4"]
[EventCountry "POL"]
[SourceTitle "CB05_2024"]
[SourceDate "2024.01.31"]
[SourceVersion "1"]
[SourceVersionDate "2024.01.31"]
[SourceQuality "1"]

1. b3 a5 2. Bb2 a4 3. b4 e5 4. Bxe5 Nc6 5. Bb2 Nxb4 6. c4 d5 7. a3 Nc6 8. cxd5 Qxd5 9. Nc3 Qa5 10. e3 Nf6 11. Bb5 Bd6 12. Qxa4 Qxa4 13. Nxa4 0-0 14. Bxf6 gxf6 15. Bxc6 bxc6 16. Nc3 Rxa3 17. Rxa3 Bxa3 18. f4 Ba6 19. Nf3 Bb4 20. Ne4 Kg7 21. g4 Ra8 22. Kf2 Bd3 23. Ng3 Ra2 24. Nh5+ Kf8 25. Nxf6 Ke7 26. g5 Bxd2 27. Rd1 Be1+ 28. Kxe1 Re2+ 29. Kf1 Rd2+ 30. Ke1 Re2+ 31. Kf1 Rd2+ 32. Ke1 Re2+ 1/2-1/2

[Event "Speed Chess Poland"]
[Site "Chess.com INT"]
[Date "2024.01.28"]
[Round "3.15"]
[White "Duda, Jan Krzysztof"]
[Black "Kosakowski, Jakub"]
[Result "1-0"]
[WhiteElo "2732"]
[BlackElo "2486"]
[PlyCount "121"]
[EventDate "2024.01.19"]
[EventType "k.o. (blitz)"]
[EventRounds "4"]
[EventCountry "POL"]
[SourceTitle "CB05_2024"]
[SourceDate "2024.01.31"]
[SourceVersion "1"]
[SourceVersionDate "2024.01.31"]
[SourceQuality "1"]

1. d4 d5 2. c4 e6 3. Nc3 Nf6 4. cxd5 exd5 5. Bg5 Bb4 6. Nf3 h6 7. Bh4 0-0 8. e3 Bf5 9. Be2 Nbd7 10. Qb3 Bxc3+ 11. Qxc3 c6 12. Nd2 Re8 13. 0-0 a5 14. f3 Bh7 15. Bf2 a4 16. Rfe1 Re6 17. Nf1 Qe7 18. Rac1 Nb6 19. g4 Re8 20. Ng3 Nc8 21. Bf1 Nd7 22. Qa5 Ncb6 23. b3 Ra8 24. Qc3 axb3 25. axb3 Ra2 26. Ra1 Rc2 27. Qa5 Bg6 28. Be2 Rxe3 29. Bd1 Rxf2 30. Kxf2 Rxe1 31. Qxe1 Qf6 32. Qe3 Kh7 33. Ra7 Qd8 34. Rxb7 Qa8 35. Rc7 Qa2+ 36. Be2 Nf6 37. Rxc6 Nbd7 38. h4 h5 39. g5 Ng8 40. Rd6 Qa7 41. Rxd5 Qb7 42. Rb5 Qc7 43. f4 f5 44. Nxf5 Qc6 45. Ng3 Nb6 46. f5 Be8 47. Rc5 Qd7 48. Re5 Nd5 49. Qe4 Nc3 50. Qd3 Nxe2 51. Nxe2 Kh8 52. Nf4 Qc8 53. Qe4 Bf7 54. g6 Bxb3 55. Qf3 Nf6 56. Nxh5 Qc2+ 57. Kg3 Qc1 58. Nxf6 Qg1+ 59. Qg2 Qxg2+ 60. Kxg2 Bd5+ 61. Nxd5 1-0

[Event "Speed Chess Poland"]
[Site "Chess.com INT"]
[Date "2024.01.28"]
[Round "3.8"]
[White "Kosakowski, Jakub"]
[Black "Duda, Jan Krzysztof"]
[Result "1/2-1/2"]
[WhiteElo "2486"]
[BlackElo "2732"]
[PlyCount "119"]
[EventDate "2024.01.19"]
[EventType "k.o. (blitz)"]
[EventRounds "4"]
[EventCountry "POL"]
[SourceTitle "CB05_2024"]
[SourceDate "2024.01.31"]
[SourceVersion "1"]
[SourceVersionDate "2024.01.31"]
[SourceQuality "1"]

1. e4 e5 2. Nf3 Nc6 3. Bb5 a6 4. Ba4 Nf6 5. 0-0 b5 6. Bb3 Bc5 7. a4 Rb8 8. c3 d6 9. d4 Bb6 10. a5 Ba7 11. h3 Bb7 12. Be3 Nxe4 13. Nbd2 Nxd2 14. Qxd2 0-0 15. dxe5 Bxe3 16. Qxe3 Nxe5 17. Nxe5 dxe5 18. Qxe5 Re8 19. Qf4 Re7 20. Rad1 Qe8 21. Rd3 c5 22. Bd5 c4 23. Rd4 Bxd5 24. Rxd5 Rd8 25. Rfd1 Rxd5 26. Rxd5 h6 27. Qd4 Re1+ 28. Kh2 Qb8+ 29. g3 Qb7 30. Qd2 Re8 31. Rd8 Qe7 32. Rxe8+ Qxe8 33. f3 Qe7 34. Kg2 Qc7 35. Qe3 Kh7 36. Qb6 Qd7 37. Qe3 Qd8 38. Qe4+ g6 39. Qf4 Kg7 40. Qe5+ Kg8 41. Qe3 h5 42. Qb6 Qd2+ 43. Qf2 Qc1 44. h4 Qd1 45. Qe3 Qc2+ 46. Qf2 Qd3 47. Qe1 Kf8 48. Qe5 Qd2+ 49. Kh3 Qd7+ 50. Kg2 Qd2+ 51. Kh3 Qd7+ 52. Kg2 Kg8 53. Qe3 Kh7 54. Qf4 Kg8 55. Qe3 Qd8 56. Qb6 Qd2+ 57. Qf2 Qd8 58. Qb6 Qd2+ 59. Qf2 Qd8 60. Qb6 1/2-1/2

[Event "Speed Chess Poland"]
[Site "Chess.com INT"]
[Date "2024.01.28"]
[Round "3.10"]
[White "Kosakowski, Jakub"]
[Black "Duda, Jan Krzysztof"]
[Result "0-1"]
[WhiteElo "2486"]
[BlackElo "2732"]
[PlyCount "86"]
[EventDate "2024.01.19"]
[EventType "k.o. (blitz)"]
[EventRounds "4"]
[EventCountry "POL"]
[SourceTitle "CB05_2024"]
[SourceDate "2024.01.31"]
[SourceVersion "1"]
[SourceVersionDate "2024.01.31"]
[SourceQuality "1"]

1. b3 d5 2. Bb2 Bg4 3. f3 Bf5 4. e4 dxe4 5. Nc3 Nf6 6. Qe2 Nc6 7. Nxe4 Nd4 8. Qc4 e5 9. 0-0-0 Nxe4 10. fxe4 Be6 11. Qc3 f6 12. Nf3 c5 13. Bc4 Qd7 14. Kb1 Be7 15. Bxe6 Nxe6 16. Nh4 b5 17. Nf5 a5 18. Qg3 0-0 19. Qg4 Ra7 20. h4 a4 21. Rh3 axb3 22. axb3 c4 23. Rg3 Bc5 24. Qe2 Rfa8 25. bxc4 b4 26. d4 exd4 27. e5 fxe5 28. Qxe5 Ra5 29. Qe4 R8a6 30. h5 Qa7 31. Kc1 Bf8 32. h6 g6 33. Nxd4 Bxh6+ 34. Re3 Bxe3+ 35. Qxe3 Ra1+ 36. Kd2 Rxd1+ 37. Kxd1 Rd6 38. Qe5 Qd7 39. Kc1 Nxd4 40. c5 Rd5 41. Qb8+ Kf7 42. Qh8 Ne2+ 43. Kb1 Rd1+ 0-1

[Event "Speed Chess Poland"]
[Site "Chess.com INT"]
[Date "2024.01.28"]
[Round "3.14"]
[White "Kosakowski, Jakub"]
[Black "Duda, Jan Krzysztof"]
[Result "0-1"]
[WhiteElo "2486"]
[BlackElo "2732"]
[PlyCount "50"]
[EventDate "2024.01.19"]
[EventType "k.o. (blitz)"]
[EventRounds "4"]
[EventCountry "POL"]
[SourceTitle "CB05_2024"]
[SourceDate "2024.01.31"]
[SourceVersion "1"]
[SourceVersionDate "2024.01.31"]
[SourceQuality "1"]

1. e4 c5 2. Nf3 Nf6 3. e5 Nd5 4. Nc3 Nxc3 5. dxc3 Nc6 6. Bf4 e6 7. Qd2 h6 8. h4 Qc7 9. 0-0-0 a6 10. h5 b5 11. g4 Bb7 12. Bg2 Ne7 13. Bg3 c4 14. Nh4 a5 15. f4 b4 16. f5 Nd5 17. Bxd5 Bxd5 18. Rhf1 a4 19. fxe6 dxe6 20. Nf5 a3 21. Nd6+ Bxd6 22. exd6 axb2+ 23. Kxb2 Qa5 24. d7+ Ke7 25. a4 bxc3+ 0-1

[Event "Speed Chess Poland"]
[Site "Chess.com INT"]
[Date "2024.01.28"]
[Round "3.18"]
[White "Kosakowski, Jakub"]
[Black "Duda, Jan Krzysztof"]
[Result "0-1"]
[WhiteElo "2486"]
[BlackElo "2732"]
[PlyCount "70"]
[EventDate "2024.01.19"]
[EventType "k.o. (blitz)"]
[EventRounds "4"]
[EventCountry "POL"]
[SourceTitle "CB05_2024"]
[SourceDate "2024.01.31"]
[SourceVersion "1"]
[SourceVersionDate "2024.01.31"]
[SourceQuality "1"]

1. e4 e5 2. Nf3 Nc6 3. d4 exd4 4. Nxd4 Qh4 5. Nb5 Bb4+ 6. N1c3 Ba5 7. Be3 a6 8. Nd4 Qxe4 9. Nb3 Bxc3+ 10. bxc3 Nf6 11. Qd2 d6 12. 0-0-0 0-0 13. Bd3 Qa4 14. Kb2 Be6 15. f3 Ne5 16. Rhe1 Rfe8 17. Bd4 Nfd7 18. f4 Nc4+ 19. Bxc4 Qxc4 20. Qf2 f6 21. Qf3 a5 22. a4 Bd5 23. Qg4 Qxa4 24. Rxe8+ Rxe8 25. Ra1 Qc6 26. Rxa5 b5 27. Ra7 Be6 28. f5 Bf7 29. Na5 Qd5 30. Nb3 Qc4 31. Qf3 Ne5 32. Qb7 Nd3+ 33. Ka2 Nc1+ 34. Kb2 Nxb3 35. Qxc7 Nxd4 0-1